000
00199 a2200097 4500
001
11410
100
_a
Nutting, A.
245
_a
Disarmament
260
_a
_b
Oxford University
_c
090
_c
8952
_d
8952
942
_a
NUST-CAE
_c
_c
35769
999
_c
246483
_d
246483